000
00305nam a2200121 4500
082
0
_a
414
100
1
_a
Watters, Kathie Swanson
245
1
0
_a
The status and function of tone in tira
_c
Kathie Swanson Watters
260
_c
c.1993
300
_a
140 p.
700
1
_a
Watters, Kathie Swanson
942
_2
ddc
_c
BK
999
_c
64204
_d
64178